000
00334nam a2200133 a 4500
005
20140414131855.0
008
100901s19uu xx 00 eng d
050
_a
FIL
_b
H13 2003
100
_a
Ferreol, Yvette
245
_a
Haluhalo espesyal.
260
_a
Manila, Philippines :
_b
Adarna,
_c
2008.
999
_c
110439
_d
110439